| 000 | 01106nam a22002777a 4500 | ||
|---|---|---|---|
| 003 | dpl | ||
| 005 | 20180703151816.0 | ||
| 008 | 180703b xxu||||| |||| 00| 0 eng d | ||
| 010 | _aB-047616 | ||
| 020 |
_c150.00 _a8173153590 |
||
| 035 | _aB-047616, B-047620 | ||
| 037 | _bCen Lib/Ret | ||
| 040 |
_aDPL _bHN _c0 |
||
| 082 |
_aउ _bसिन्हाम |
||
| 100 |
_aसिन्हा, मुर्दुला _963975 |
||
| 245 |
_aज्यों मेहँदी को रंग / _cमुर्दुला सिन्हा |
||
| 246 |
_aJyon mehndi ka rang _b by Mirdula Sinha |
||
| 260 |
_aनई दिल्ली _bप्रभात प्रकाशन _c2001 |
||
| 270 |
_a4/11,आसफ अली रोड _bनई दिल्ली _e110002 |
||
| 300 |
_a143पृष्ठ. _c20सेमी(सजिल्द) |
||
| 650 |
_aहिंदी साहित्य _963976 |
||
| 650 |
_aहिंदी उपन्यास _963977 |
||
| 650 |
_aHindi literature _963978 |
||
| 650 |
_aHindi novel _963979 |
||
| 942 |
_2ddc _cHN _hउ _mसिन्हाम |
||
| 999 |
_c115933 _d115933 |
||